000 00440nam a2200145Ia 4500
008 100122s9999 xx 000 0 und d
082 _b33146
_a823
100 _aअष्टीकर बा सी
245 _aरक्तप्रेम
260 _bगुलमोहर पब्लिकेशन्स
_c1905
300 _a240
630 _aरक्तप्रेम
730 _aरक्तप्रेम
942 _cBOOK
999 _c417283
_d417280